[Event "SV Letmathe 1 - SVG Plettenberg 1"]
[Site "NRW-Klasse, Gruppe 2 2013/201"]
[Date "2013.12.08"]
[Round "4.8"]
[White "Pfleger, Sascha"]
[Black "Noelke, Manfred"]
[Result "0-1"]
[WhiteElo "2004"]
[BlackElo "1880"]
[Annotator "Doe,John"]
[PlyCount "112"]
[EventDate "2013.??.??"]
[WhiteTeam "SV Letmathe 1"]
[BlackTeam "SVG Plettenberg 1"]

1. d4 d5 2. c4 dxc4 3. Qa4+ Bd7 4. Qxc4 Nf6 5. Bg5 c6 6. Nf3 g6 7. Bxf6 exf6 8.
Nc3 Bg7 9. Qb3 Qb6 10. Qxb6 axb6 11. e3 O-O 12. Bd3 Be6 13. O-O Rd8 14. Rfd1
Nd7 15. Rd2 b5 16. d5 Bg4 17. dxc6 bxc6 18. Be4 b4 19. Ne2 Bxf3 20. gxf3 Ne5
21. Rxd8+ Rxd8 22. f4 f5 $11 23. Bg2 Nc4 24. Bxc6 Rd2 25. Rc1 Nxb2 26. Bb5 Bf6
27. Kg2 Bh4 28. Kf3 Nd1 29. Rc8+ Kg7 30. Bc4 Nc3 31. Rb8 Be7 32. Rb7 Kf6 33.
Rb6+ Kg7 34. Rb7 Kf6 35. Rb6+ Kg7 36. Nxc3 bxc3 37. Rc6 Bh4 38. Be2 c2 39. a4
Bf6 40. Bd3 Rxd3 41. Rxc2 Ra3 42. Rc4 Ra2 43. Kg3 h5 44. h4 Ra3 45. Kh3 Bc3 46.
Kg2 Ba5 47. Kf3 Ra2 48. Rc1 Rxa4 49. Rb1 Bc3 50. Rc1 Bf6 51. Rh1 Ra1 52. Rh2
Rg1 53. e4 fxe4+ 54. Kxe4 Rg4 55. f3 Rxh4 56. Rg2 Rh1 0-1

[Event "SG Solingen 3 - SF Neuenkirchen 1"]
[Site "NRW-Klasse, Gruppe 2 2013/201"]
[Date "2013.12.08"]
[Round "4.1"]
[White "Muschik, Benedikt"]
[Black "Kniest, Oliver"]
[Result "1/2-1/2"]
[WhiteElo "2277"]
[BlackElo "2253"]
[PlyCount "25"]
[EventDate "2013.??.??"]
[WhiteTeam "SF Neuenkirchen 1"]
[BlackTeam "SG Solingen 3"]

1. d4 Nf6 2. Bf4 e6 3. e3 c5 4. c3 Nc6 5. Nd2 d5 6. Ngf3 Bd6 7. Bg3 O-O 8. Bd3
b6 9. Ne5 Bb7 10. f4 Ne7 11. Qf3 Nf5 12. Bf2 Be7 13. Rd1 1/2-1/2

[Event "SG Solingen 3 - SF Neuenkirchen 1"]
[Site "NRW-Klasse, Gruppe 2 2013/201"]
[Date "2013.12.08"]
[Round "4.2"]
[White "Hobusch, Jan"]
[Black "Rieke, Theo"]
[Result "1-0"]
[WhiteElo "2079"]
[BlackElo "2036"]
[PlyCount "71"]
[EventDate "2013.??.??"]
[WhiteTeam "SG Solingen 3"]
[BlackTeam "SF Neuenkirchen 1"]

1. e4 e5 2. Nf3 Nc6 3. Bb5 a6 4. Bxc6 dxc6 5. Nc3 f6 6. Ng1 Bc5 7. d3 Ne7 8.
Nge2 Be6 9. Be3 Bxe3 10. fxe3 c5 11. O-O Qd7 12. a3 O-O 13. Qd2 Rad8 14. b4 c4
15. d4 f5 16. Rad1 c6 17. Qe1 Qc7 18. Ng3 f4 19. Nge2 fxe3 20. Qg3 Ng6 21.
Rxf8+ Rxf8 22. Qxe3 h6 23. Qg3 Kh7 24. d5 cxd5 25. Nxd5 Bxd5 26. exd5 Qb6+ 27.
Kh1 Rf2 28. Nc3 Rf6 29. Ne4 Rf4 30. Qe1 Ne7 31. d6 Nc6 32. Nc5 Rd4 33. c3 Rf4
34. g3 Rf8 35. Qe4+ Kh8 36. Nd7 1-0

[Event "SG Solingen 3 - SF Neuenkirchen 1"]
[Site "NRW-Klasse, Gruppe 2 2013/201"]
[Date "2013.12.08"]
[Round "4.4"]
[White "Auer, Martin"]
[Black "Wilde, Pierre"]
[Result "1/2-1/2"]
[WhiteElo "2140"]
[BlackElo "2241"]
[PlyCount "105"]
[EventDate "2013.??.??"]
[WhiteTeam "SG Solingen 3"]
[BlackTeam "SF Neuenkirchen 1"]

1. e4 c5 2. Nc3 Nc6 3. Bb5 Nd4 4. Nf3 g6 5. Bc4 Bg7 6. Nxd4 cxd4 7. Qf3 e6 8.
Nb5 Be5 9. c3 dxc3 10. d4 a6 11. dxe5 axb5 12. Be2 b4 13. bxc3 Qc7 14. O-O Qxc3
15. Qxc3 bxc3 16. Be3 f6 17. Bd4 Kf7 18. Bxc3 Ra4 19. f3 f5 20. Bb5 Ra7 21. a4
Ne7 22. Rad1 Nc6 23. Rd6 Ke7 24. exf5 gxf5 25. f4 Rg8 26. Be1 Ra8 27. Bh4+ Ke8
28. h3 Ra7 29. Rfd1 Ra8 30. R1d2 Rg6 31. Kh2 Ra5 32. Bf2 Ra8 33. Bb6 Nb4 34. a5
Nd5 35. g3 Ke7 36. Be2 Nxb6 37. axb6 Ra3 38. R6d3 Rxd3 39. Rxd3 Rg8 40. Bf3 Rd8
41. Rc3 d5 42. exd6+ Kxd6 43. Rc7 Bd7 44. Bxb7 Rb8 45. g4 h6 46. Kg3 Rf8 47.
gxf5 Rxf5 48. Bc8 Bxc8 49. Rxc8 Rb5 50. Rh8 Rxb6 51. Rxh6 Ke7 52. Kg4 Rb1 53.
Kf3 1/2-1/2

[Event "SG Solingen 3 - SF Neuenkirchen 1"]
[Site "NRW-Klasse, Gruppe 2 2013/201"]
[Date "2013.12.08"]
[Round "4.5"]
[White "Seegers, Hendrik"]
[Black "Zolfagharian, Kevin"]
[Result "0-1"]
[WhiteElo "2159"]
[BlackElo "2061"]
[PlyCount "116"]
[EventDate "2013.??.??"]
[WhiteTeam "SF Neuenkirchen 1"]
[BlackTeam "SG Solingen 3"]

1. d4 d5 2. Nf3 Nf6 3. Bf4 c5 4. e3 Nc6 5. c3 Qb6 6. Qb3 c4 7. Qxb6 axb6 8. Be2
b5 9. O-O Bf5 10. a3 e6 11. Nbd2 Be7 12. Nh4 Bc2 13. Rac1 Ba4 14. Nhf3 O-O 15.
Ne5 Rfd8 16. Bf3 Nxe5 17. Bxe5 Nd7 18. Bc7 Re8 19. e4 Bg5 20. Rfd1 Bxd1 21.
Rxd1 e5 22. dxe5 Nxe5 23. exd5 f5 24. Bh5 g6 25. Nf3 Bf4 26. Bxe5 Bxe5 27. Nxe5
Rxe5 28. Bf3 Kf7 29. d6 Rd8 30. Bd5+ Kf6 31. Bxb7 Re6 32. Kf1 Rexd6 33. Rxd6+
Rxd6 34. Ke2 Ke5 35. g3 g5 36. h3 h5 37. Bf3 g4 38. hxg4 hxg4 39. Bb7 Rh6 40.
Ke3 Rh3 41. Ke2 f4 42. gxf4+ Kxf4 43. Bc6 Rh2 44. Kf1 Rh5 45. Ke2 Rc5 46. Bb7
Re5+ 47. Kf1 g3 48. fxg3+ Ke3 49. Bc6 Kd2 50. a4 bxa4 51. Bxa4 Ra5 52. Bd7 Kc2
53. Be6 Rc5 54. Kf2 Kxb2 55. Kf3 Kxc3 56. Ke4 Kb4 57. Bg4 Rg5 58. Be2 Rxg3 0-1

[Event "SG Solingen 3 - SF Neuenkirchen 1"]
[Site "NRW-Klasse, Gruppe 2 2013/201"]
[Date "2013.12.08"]
[Round "4.6"]
[White "Peschel, Andreas"]
[Black "Hachmeister, Dirk"]
[Result "1/2-1/2"]
[WhiteElo "2082"]
[BlackElo "2188"]
[PlyCount "116"]
[EventDate "2013.??.??"]
[WhiteTeam "SG Solingen 3"]
[BlackTeam "SF Neuenkirchen 1"]

1. d4 Nf6 2. Nf3 d6 3. Nc3 Bg4 4. e4 e6 5. Be2 Be7 6. O-O c6 7. d5 cxd5 8. exd5
Bxf3 9. Bxf3 e5 10. Be3 Nbd7 11. Ne4 Nxe4 12. Bxe4 O-O 13. Bf5 g6 14. Bxd7 Qxd7
15. c4 f5 16. f3 Rfc8 17. Qd3 b6 18. a4 Rab8 19. b4 Bf6 20. Ra2 Rb7 21. b5 Bd8
22. Kh1 f4 23. Bf2 Qf5 24. Qe2 Rbc7 25. Rc1 Re7 26. Re1 g5 27. Qe4 Qxe4 28.
Rxe4 Rec7 29. Rc2 Kf7 30. Be1 Kf6 31. Bb4 Be7 32. g4 h5 33. h3 a6 34. a5 axb5
35. axb6 Rb7 36. Ba5 Ra8 37. Ra2 hxg4 38. hxg4 bxc4 39. Ree2 Rc8 40. Rh2 Kg6
41. Ra3 Rc5 42. Rh8 Rxd5 43. Rc8 Rd1+ 44. Kg2 d5 45. Rc6+ Kf7 46. Rc7 Rb8 47.
Bb4 Rxb6 48. Rxe7+ Kf6 49. Rea7 e4 50. R7a6 Rxa6 51. Rxa6+ Ke5 52. fxe4 Kxe4
53. Re6+ Kd4 54. Be7 Rd3 55. Bxg5 Rg3+ 56. Kf2 Rxg4 57. Bf6+ Kc5 58. Be7+ Kd4
1/2-1/2

[Event "SG Solingen 3 - SF Neuenkirchen 1"]
[Site "NRW-Klasse, Gruppe 2 2013/201"]
[Date "2013.12.08"]
[Round "4.7"]
[White "Beckmann, Klaus"]
[Black "Schockenbaeumer, Dirk"]
[Result "1/2-1/2"]
[WhiteElo "2071"]
[BlackElo "2050"]
[PlyCount "63"]
[EventDate "2013.??.??"]
[WhiteTeam "SF Neuenkirchen 1"]
[BlackTeam "SG Solingen 3"]

1. e4 c5 2. Nf3 d6 3. c3 Nf6 4. Be2 Nc6 5. d4 cxd4 6. cxd4 e6 7. Nc3 Be7 8. O-O
O-O 9. h3 d5 10. e5 Ne4 11. Bd3 Nxc3 12. bxc3 f5 13. exf6 Bxf6 14. Qc2 g6 15.
Bh6 Bg7 16. Bxg7 Kxg7 17. Qe2 Qf6 18. Rab1 b6 19. Rfe1 Bd7 20. Bb5 Rac8 21.
Bxc6 Rxc6 22. Ne5 Rc7 23. Ng4 Qf5 24. Qb2 Bc8 25. Re5 Qd3 26. Re3 Qf5 27. Rbe1
Rcf7 28. Qe2 Qg5 29. Rg3 Qf4 30. Re3 Qg5 31. Rg3 Qf4 32. Re3 1/2-1/2

[Event "SG Solingen 3 - SF Neuenkirchen 1"]
[Site "NRW-Klasse, Gruppe 2 2013/201"]
[Date "2013.12.08"]
[Round "4.8"]
[White "Erkay, Ali-Necip"]
[Black "Scho, Christian"]
[Result "0-1"]
[WhiteElo "1925"]
[BlackElo "2108"]
[PlyCount "68"]
[EventDate "2013.??.??"]
[WhiteTeam "SG Solingen 3"]
[BlackTeam "SF Neuenkirchen 1"]

1. d4 d5 2. c4 c6 3. Nf3 Nf6 4. g3 Bf5 5. cxd5 cxd5 6. Nc3 e6 7. Bg2 Nc6 8. O-O
Bd6 9. Nh4 Bg4 10. a3 Rc8 11. Qd3 Qb6 12. e3 g5 13. Nf3 Bf5 14. Qd1 h6 15. Na4
Qd8 16. Nc5 Qc7 17. b4 b6 18. Nd3 Ne7 19. Nfe5 Qc2 20. Qd2 Ne4 21. Bxe4 dxe4
22. Qxc2 Rxc2 23. Ne1 Rc7 24. g4 Bh7 25. f4 f6 26. Bb2 Nd5 27. fxg5 fxe5 28.
dxe5 Be7 29. Rf6 Bxf6 30. exf6 Kf7 31. Be5 Rc4 32. Rd1 hxg5 33. h4 gxh4 34. g5
h3 0-1

[Event "SK Holsterhausen 1 - LSV Turm Lippstadt"]
[Site "NRW-Klasse, Gruppe 2 2013/201"]
[Date "2013.12.08"]
[Round "4.1"]
[White "Wehmeier, Stefan"]
[Black "Bee, Marcus"]
[Result "1-0"]
[WhiteElo "2411"]
[BlackElo "2218"]
[Annotator "Doe,John"]
[PlyCount "143"]
[EventDate "2013.??.??"]
[WhiteTeam "LSV Turm Lippstadt 1"]
[BlackTeam "SK Holsterhausen 1"]

1. e4 e6 2. d4 d5 3. Nc3 Nc6 4. Nf3 Nf6 5. Bg5 Be7 6. e5 Ne4 7. Bxe7 Qxe7 8.
Bd3 Qb4 9. O-O Nxc3 10. bxc3 Qxc3 11. Rb1 Qa3 12. Ng5 Qe7 13. Qg4 g6 14. h4 b6
15. c4 Ba6 $11 16. Qd1 O-O-O 17. c5 Bxd3 18. Qxd3 bxc5 19. Qa6+ Kd7 20. Rfc1 c4
21. Ne4 dxe4 22. Rxc4 Ke8 23. Qxc6+ Kf8 24. Qxe4 Rd7 25. Rb7 a5 26. Ra7 Kg7 27.
Rxa5 h5 28. Rac5 Rb8 29. a4 Rb2 30. a5 Qd8 31. Ra4 Rd2 32. Rcc4 c6 33. g3 Ra7
34. a6 Qd5 35. Qxd5 cxd5 36. Rc8 Rb2 37. Kg2 Rb3 38. Rc2 Rb6 39. Rca2 Rc6 40.
Kf3 Rb6 41. Ke2 Rc6 42. f3 Rb6 43. Ke3 Rc6 44. Kf4 Kh6 45. g4 hxg4 46. fxg4 g5+
47. hxg5+ Kg6 48. Rh2 Raxa6 49. Rxa6 Rxa6 50. Rh6+ Kg7 51. Rf6 Ra4 52. g6 Rxd4+
53. Kg5 fxg6 54. Rxe6 Re4 55. Rxg6+ Kf7 56. Rf6+ Ke7 57. Kf5 Re1 58. Rd6 Rf1+
59. Kg6 Rd1 60. g5 d4 61. Kh7 d3 62. g6 d2 63. Kg7 Ke8 64. Re6+ Kd7 65. Rf6 Ke7
66. Rf2 Ke6 67. Rh2 Kxe5 68. Kh7 Kf6 69. g7 Rg1 70. Rf2+ Ke7 71. Rxd2 Rh1+ 72.
Kg8 1-0

[Event "SK Holsterhausen 1 - LSV Turm Lippstadt"]
[Site "NRW-Klasse, Gruppe 2 2013/201"]
[Date "2013.12.08"]
[Round "4.2"]
[White "Schwalen, Peter"]
[Black "Matthias, Heiner"]
[Result "0-1"]
[WhiteElo "2077"]
[BlackElo "2311"]
[PlyCount "74"]
[EventDate "2013.??.??"]
[WhiteTeam "SK Holsterhausen 1"]
[BlackTeam "LSV Turm Lippstadt 1"]

1. e4 c5 2. Nf3 e6 3. d3 Nc6 4. g3 g6 5. Bg2 Bg7 6. O-O Nge7 7. Re1 d6 8. Nbd2
O-O 9. c3 b5 10. a3 Bb7 11. Nb3 a5 12. a4 b4 13. c4 Rc8 14. Rb1 h6 15. Be3 e5
16. Qd2 Kh7 17. Nh4 Nd4 18. Bxd4 cxd4 19. Qd1 Bc6 20. Ra1 Ng8 21. Bh3 Ra8 22.
Nd2 Nf6 23. b3 Nd7 24. Bxd7 Qxd7 25. Ng2 f5 26. Ra2 Rf7 27. f3 Raf8 28. Rf1 h5
29. exf5 gxf5 30. c5 f4 31. gxf4 Bh6 32. cxd6 Bxf4 33. Nxf4 Rxf4 34. Rf2 Qxd6
35. Ne4 Bxe4 36. fxe4 Qg6+ 37. Rg2 Qf7 0-1

[Event "SK Holsterhausen 1 - LSV Turm Lippstadt"]
[Site "NRW-Klasse, Gruppe 2 2013/201"]
[Date "2013.12.08"]
[Round "4.3"]
[White "Brenke, Andreas"]
[Black "Walbaum, Klaus"]
[Result "1-0"]
[WhiteElo "2301"]
[BlackElo "2144"]
[PlyCount "79"]
[EventDate "2013.??.??"]
[WhiteTeam "LSV Turm Lippstadt 1"]
[BlackTeam "SK Holsterhausen 1"]

1. d4 Nf6 2. Bg5 c5 3. d5 Qb6 4. Nc3 e5 5. e4 d6 6. Bxf6 gxf6 7. Qd3 a6 8.
O-O-O Qa5 9. Kb1 b5 10. Nce2 Nd7 11. Ng3 c4 12. Qf3 Qd8 13. Nh5 Rg8 14. h4 Rg6
15. Rh3 Be7 16. Ne2 Nf8 17. Rg3 Nd7 18. Ng7+ Kf8 19. Nf5 Nc5 20. h5 Rg5 21.
Rxg5 fxg5 22. Neg3 Ra7 23. Be2 Rc7 24. Qe3 Bf6 25. Rf1 Bg7 26. h6 Bf6 27. Rh1
Kg8 28. Rh5 Kh8 29. Qf3 Be7 30. Qe3 Bf6 31. Rh3 Be7 32. Bg4 Bf8 33. Qf3 Bd7 34.
Ne3 Be8 35. Nh5 Be7 36. Nf5 Bf8 37. Nfg7 Be7 38. Qf5 Bd7 39. Qxf7 Bxg4 40. Ne8
1-0

[Event "SK Holsterhausen 1 - LSV Turm Lippstadt"]
[Site "NRW-Klasse, Gruppe 2 2013/201"]
[Date "2013.12.08"]
[Round "4.4"]
[White "Khasin, Abram"]
[Black "Schroeder, Kevin"]
[Result "0-1"]
[WhiteElo "2144"]
[BlackElo "2136"]
[PlyCount "58"]
[EventDate "2013.??.??"]
[WhiteTeam "SK Holsterhausen 1"]
[BlackTeam "LSV Turm Lippstadt 1"]

1. d4 Nf6 2. c4 g6 3. Nc3 d5 4. cxd5 Nxd5 5. Na4 Bg7 6. e4 Nb6 7. Nf3 O-O 8.
Be2 Bg4 9. Be3 Nxa4 10. Qxa4 c5 11. dxc5 Bxb2 12. Rb1 Bc3+ 13. Kf1 Bxf3 14.
gxf3 Nc6 15. h4 Bd4 16. Rxb7 Rc8 17. h5 Bxe3 18. fxe3 Qd2 19. Qa3 Rb8 20. Rxb8
Rxb8 21. Qd3 Qxa2 22. hxg6 hxg6 23. Kf2 Rb2 24. f4 Rd2 25. Qb5 a6 26. Qxc6
Rxe2+ 27. Kf3 Rf2+ 28. Kg3 Rg2+ 29. Kh3 Qf2 0-1

[Event "SK Holsterhausen 1 - LSV Turm Lippstadt"]
[Site "NRW-Klasse, Gruppe 2 2013/201"]
[Date "2013.12.08"]
[Round "4.5"]
[White "Wagner, Alexej"]
[Black "Dergatschova-Daus, Anna"]
[Result "1-0"]
[WhiteElo "2204"]
[BlackElo "2197"]
[PlyCount "75"]
[EventDate "2013.??.??"]
[WhiteTeam "LSV Turm Lippstadt 1"]
[BlackTeam "SK Holsterhausen 1"]

1. d4 d6 2. c4 e5 3. Nf3 e4 4. Nfd2 Nf6 5. g3 c6 6. Bg2 d5 7. O-O Be6 8. Qb3
Qd7 9. c5 Na6 10. f3 Nxc5 11. dxc5 Bxc5+ 12. e3 d4 13. Qc2 Bb6 14. Nxe4 dxe3
15. Nxf6+ gxf6 16. Re1 Bf5 17. Qb3 O-O-O 18. Nc3 e2+ 19. Kh1 Bd3 20. Bf4 Bf2
21. Rxe2 Bxe2 22. Nxe2 Rhe8 23. Ng1 Bxg1 24. Rxg1 Re7 25. Qa3 a6 26. Qc5 Re2
27. Qa7 Qd5 28. Qb8+ Kd7 29. Qxb7+ Ke6 30. Qxa6 Rxb2 31. Bh3+ f5 32. Qa3 Re2
33. Qc3 Kd7 34. Rb1 Rc8 35. Bf1 Qxa2 36. Rb7+ Ke6 37. Bxe2 Qxe2 38. Qb3+ 1-0

[Event "SK Holsterhausen 1 - LSV Turm Lippstadt"]
[Site "NRW-Klasse, Gruppe 2 2013/201"]
[Date "2013.12.08"]
[Round "4.6"]
[White "Bobzin, Pierre"]
[Black "Kuckling, Hannah"]
[Result "1-0"]
[WhiteElo "2067"]
[BlackElo "2054"]
[PlyCount "85"]
[EventDate "2013.??.??"]
[WhiteTeam "SK Holsterhausen 1"]
[BlackTeam "LSV Turm Lippstadt 1"]

1. Nf3 Nf6 2. g3 g6 3. Bg2 Bg7 4. O-O O-O 5. d3 d6 6. Nbd2 c5 7. e4 Nc6 8. Re1
Qc7 9. a4 Rb8 10. Nc4 b6 11. e5 Ng4 12. exd6 exd6 13. Bf4 Nge5 14. Rb1 Bg4 15.
h3 Bxf3 16. Bxf3 Nxf3+ 17. Qxf3 Nd4 18. Qg2 Rbd8 19. c3 Ne6 20. Bd2 d5 21. Na3
Qd7 22. b3 Rfe8 23. Nc2 b5 24. axb5 Qxb5 25. Qf3 Qd7 26. h4 Rb8 27. h5 Rb6 28.
h6 Bh8 29. b4 Reb8 30. Re2 cxb4 31. Rxb4 Rxb4 32. Nxb4 d4 33. c4 a5 34. Nd5 a4
35. Nf6+ Bxf6 36. Qxf6 a3 37. Bf4 Rb1+ 38. Kh2 Qb7 39. Re4 a2 40. Qd8+ Nf8 41.
Bd6 Qb8 42. Bxb8 Rxb8 43. Qf6 1-0

[Event "SK Holsterhausen 1 - LSV Turm Lippstadt"]
[Site "NRW-Klasse, Gruppe 2 2013/201"]
[Date "2013.12.08"]
[Round "4.7"]
[White "Chapman, Alan John"]
[Black "Sicars, Thorsten"]
[Result "0-1"]
[WhiteElo "2007"]
[BlackElo "1945"]
[PlyCount "74"]
[EventDate "2013.??.??"]
[WhiteTeam "LSV Turm Lippstadt 1"]
[BlackTeam "SK Holsterhausen 1"]

1. e4 c6 2. Ne2 d5 3. e5 c5 4. d4 Nc6 5. c3 Bf5 6. Ng3 Bg6 7. f4 e6 8. h4 Qb6
9. f5 Bxf5 10. Nxf5 exf5 11. dxc5 Bxc5 12. Bd3 Nge7 13. Qe2 Qc7 14. b4 Bb6 15.
Bf4 O-O 16. h5 Rfe8 17. Nd2 f6 18. Bh2 Nxe5 19. Bxe5 Qxe5 20. Qxe5 fxe5 21. Bb5
Nc6 22. Nf3 a5 23. O-O-O e4 24. Nh4 Re5 25. Rhf1 f4 26. bxa5 Rxa5 27. a4 Rxh5
28. g3 f3 29. Rh1 Re5 30. g4 g6 31. Rhe1 Rg5 32. c4 f2 33. Rh1 d4 34. Rh2 Rxg4
35. Nxg6 e3 36. c5 Bc7 37. Bc4+ Kg7 0-1

[Event "SK Holsterhausen 1 - LSV Turm Lippstadt"]
[Site "NRW-Klasse, Gruppe 2 2013/201"]
[Date "2013.12.08"]
[Round "4.8"]
[White "Kortenbusch, Christoph"]
[Black "Laurenz, Waldemar"]
[Result "0-1"]
[WhiteElo "2048"]
[BlackElo "1922"]
[PlyCount "82"]
[EventDate "2013.??.??"]
[WhiteTeam "SK Holsterhausen 1"]
[BlackTeam "LSV Turm Lippstadt 1"]

1. e4 c5 2. Nc3 Nc6 3. Bb5 g6 4. Bxc6 dxc6 5. d3 Bg7 6. Be3 b6 7. Qd2 Nf6 8.
Bh6 Bxh6 9. Qxh6 Qd4 10. Qd2 e5 11. h3 Qd6 12. Nge2 b5 13. f4 b4 14. Nd1 O-O
15. Ne3 Ba6 16. b3 Rad8 17. Nf1 Nh5 18. f5 Nf4 19. Ne3 Rd7 20. O-O g5 21. Kh2
f6 22. Ng1 Bb5 23. Qd1 Rfd8 24. Nc4 Bxc4 25. bxc4 g4 26. hxg4 Qf8 27. Rf3 Qh6+
28. Nh3 Rg7 29. Rg3 Qh4 30. Qf3 Kh8 31. a3 b3 32. Kg1 Ne2+ 33. Qxe2 Qxg3 34. g5
bxc2 35. Qxc2 Qe3+ 36. Kh2 fxg5 37. Nf2 g4 38. g3 Rg5 39. Qb2 Rh5+ 40. Kg2 Qf3+
41. Kf1 Rh1# 0-1

[Event "SK Herne-Sodingen 1 - SV Würselen 1"]
[Site "NRW-Klasse, Gruppe 2 2013/201"]
[Date "2013.12.08"]
[Round "4.1"]
[White "Hovhanisian, Mher"]
[Black "Sandkamp, Ralph"]
[Result "1-0"]
[WhiteElo "2504"]
[BlackElo "2203"]
[PlyCount "99"]
[EventDate "2013.??.??"]
[WhiteTeam "SV Würselen 1"]
[BlackTeam "SK Herne-Sodingen 1"]

1. Nf3 Nf6 2. d4 e6 3. g3 b6 4. Bg2 Bb7 5. O-O c5 6. c4 cxd4 7. Nxd4 Bxg2 8.
Kxg2 Nc6 9. Nc3 Nxd4 10. Qxd4 Qc7 11. Bg5 Bc5 12. Qd3 Be7 13. Rfd1 O-O 14. Rac1
Rfd8 15. b3 a6 16. Ne4 Qc6 17. f3 d6 18. Qd4 e5 19. Qe3 Ng4 20. Qd2 f6 21. Qd5+
Qxd5 22. cxd5 fxg5 23. fxg4 Rac8 24. Kf3 Kf7 25. Ke3 Ke8 26. Kd3 Kd7 27. Rf1
Rxc1 28. Rxc1 Rc8 29. Rf1 Ke8 30. h4 gxh4 31. gxh4 Kd7 32. h5 h6 33. Rf7 Rg8
34. a4 Ke8 35. Rf1 Kd7 36. Rc1 Bd8 37. Rf1 Be7 38. e3 Bd8 39. b4 Be7 40. b5 a5
41. Nd2 g6 42. Nc4 gxh5 43. gxh5 Rg5 44. Nxb6+ Kc7 45. Nc4 Rxh5 46. Rf7 Kd8 47.
Nxa5 Ke8 48. Rh7 e4+ 49. Kc4 Rh1 50. b6 1-0

[Event "SK Herne-Sodingen 1 - SV Würselen 1"]
[Site "NRW-Klasse, Gruppe 2 2013/201"]
[Date "2013.12.08"]
[Round "4.2"]
[White "Langers, Alexander"]
[Black "Goossens, Etienne"]
[Result "1/2-1/2"]
[WhiteElo "2168"]
[BlackElo "2209"]
[PlyCount "66"]
[EventDate "2013.??.??"]
[WhiteTeam "SK Herne-Sodingen 1"]
[BlackTeam "SV Würselen 1"]

1. e4 e5 2. Nf3 Nc6 3. Bb5 Nf6 4. O-O Nxe4 5. Re1 Nd6 6. Nxe5 Nxe5 7. Rxe5+ Be7
8. Bf1 O-O 9. d4 Ne8 10. d5 Bc5 11. Be3 Bb6 12. Bxb6 axb6 13. Nc3 d6 14. Re3
Nf6 15. Qd2 c6 16. a3 Ra5 17. dxc6 bxc6 18. Be2 Ra7 19. Rd1 d5 20. Bf3 Bg4 21.
Ne2 Bxf3 22. Rxf3 c5 23. Nf4 Re8 24. Re3 Rxe3 25. Qxe3 Re7 26. Qd3 Qd6 27. g3
Re5 28. Qf3 h6 29. Kg2 Qd7 30. Nd3 Re6 31. Nf4 Re5 32. Nd3 Re6 33. Nf4 Re5
1/2-1/2

[Event "SK Herne-Sodingen 1 - SV Würselen 1"]
[Site "NRW-Klasse, Gruppe 2 2013/201"]
[Date "2013.12.08"]
[Round "4.3"]
[White "Hamblok, Roel"]
[Black "Wickenfeld, Stefan"]
[Result "1-0"]
[WhiteElo "2270"]
[BlackElo "2156"]
[Annotator "Doe,John"]
[PlyCount "83"]
[EventDate "2013.??.??"]
[WhiteTeam "SV Würselen 1"]
[BlackTeam "SK Herne-Sodingen 1"]

1. d4 d5 2. Bf4 e6 3. e3 Bd6 4. Bg3 f5 5. c4 c6 6. Nc3 Nf6 7. Qc2 Ne4 8. Bxd6
Qxd6 9. Bd3 O-O 10. Nf3 Nd7 11. O-O h6 12. Rab1 Ng5 13. Nxg5 hxg5 14. cxd5 cxd5
15. Nb5 Qe7 16. Qc7 f4 17. Rbc1 e5 18. Nd6 Qe6 $11 19. Bb5 f3 20. gxf3 exd4 21.
Nxc8 Ne5 22. Ne7+ Kh7 23. exd4 Nxf3+ 24. Kh1 Rf4 25. Bd7 Qf7 26. Bf5+ Kh6 27.
Qd6+ Qf6 28. Qxf6+ gxf6 29. Rc8 Rxc8 30. Bxc8 Kg7 31. Rd1 Kf7 32. Nxd5 Rh4 33.
h3 Nxd4 34. Kg2 b6 35. Bg4 Nc6 36. Nxf6 Ne5 37. Ne4 Nxg4 38. hxg4 Rxg4+ 39. Kf3
Rf4+ 40. Ke3 Kg6 41. Rd5 Rg4 42. Rxg5+ 1-0

[Event "SK Herne-Sodingen 1 - SV Würselen 1"]
[Site "NRW-Klasse, Gruppe 2 2013/201"]
[Date "2013.12.08"]
[Round "4.4"]
[White "Waldschmidt, Georg"]
[Black "Andok, Claus Michael"]
[Result "1-0"]
[WhiteElo "2197"]
[BlackElo "2079"]
[PlyCount "71"]
[EventDate "2013.??.??"]
[WhiteTeam "SK Herne-Sodingen 1"]
[BlackTeam "SV Würselen 1"]

1. e4 g6 2. d4 Bg7 3. Nc3 c6 4. h3 b5 5. a3 a6 6. Nf3 Bb7 7. Bd3 d6 8. e5 d5 9.
O-O e6 10. Ne2 Nd7 11. Bg5 Qc7 12. Re1 c5 13. dxc5 Nxc5 14. Ng3 Rc8 15. Bf4 Ne7
16. Nd4 Nc6 17. Nxc6 Qxc6 18. Qg4 Nxd3 19. cxd3 h5 20. Qe2 h4 21. Rac1 Qb6 22.
Rxc8+ Bxc8 23. Nf1 Bb7 24. Nh2 Rh5 25. Ng4 Rf5 26. Bh6 Bh8 27. Rc1 d4 28. Qe1
a5 29. b4 a4 30. Rc5 g5 31. Qc1 Kd7 32. Bxg5 Ba8 33. Bf6 Bxg2 34. Kxg2 Qb7+ 35.
Kg1 Rf3 36. Qf1 1-0

[Event "SK Herne-Sodingen 1 - SV Würselen 1"]
[Site "NRW-Klasse, Gruppe 2 2013/201"]
[Date "2013.12.08"]
[Round "4.5"]
[White "Bien, Stefan"]
[Black "Trzaska, Peter"]
[Result "1/2-1/2"]
[WhiteElo "2050"]
[BlackElo "2069"]
[PlyCount "56"]
[EventDate "2013.??.??"]
[WhiteTeam "SV Würselen 1"]
[BlackTeam "SK Herne-Sodingen 1"]

1. d4 c5 2. c3 Nf6 3. Nf3 e6 4. Bg5 Qb6 5. Qb3 Ne4 6. Bf4 Nc6 7. e3 Qxb3 8.
axb3 cxd4 9. exd4 d5 10. Bd3 Bd6 11. Bxd6 Nxd6 12. Nbd2 Bd7 13. O-O O-O 14.
Rfe1 a5 15. Ne5 Nxe5 16. dxe5 Nb5 17. Bxb5 Bxb5 18. Nf3 Rfc8 19. Nd4 Bd7 20.
Ra2 b6 21. f4 Rab8 22. Kf2 Rf8 23. g3 Rb7 24. Raa1 Rc7 25. Re3 Rfc8 26. Ke2 h6
27. h4 Ra7 28. Kd2 Rca8 1/2-1/2

[Event "SK Herne-Sodingen 1 - SV Würselen 1"]
[Site "NRW-Klasse, Gruppe 2 2013/201"]
[Date "2013.12.08"]
[Round "4.6"]
[White "Graw, Christopher"]
[Black "Sarrau, Jelle"]
[Result "0-1"]
[WhiteElo "2159"]
[BlackElo "2247"]
[PlyCount "108"]
[EventDate "2013.??.??"]
[WhiteTeam "SK Herne-Sodingen 1"]
[BlackTeam "SV Würselen 1"]

1. d4 Nf6 2. c4 e6 3. Nc3 Bb4 4. e3 O-O 5. Nge2 d5 6. a3 Bd6 7. Nf4 c6 8. Bd3
Nbd7 9. O-O dxc4 10. Bxc4 e5 11. dxe5 Nxe5 12. Ba2 Ng6 13. Qc2 Nxf4 14. exf4
Qc7 15. g3 Bh3 16. Re1 Bc5 17. Be3 Bxe3 18. Rxe3 Rae8 19. Rae1 Rxe3 20. Rxe3
Qd7 21. Bb1 Rd8 22. Rd3 Qxd3 23. Qxd3 Rxd3 24. Bxd3 Be6 25. f3 Kf8 26. Kf2 Ke7
27. Ne4 h6 28. Ke3 b6 29. b4 Ne8 30. Kd4 Nc7 31. Ke5 Bb3 32. f5 f6+ 33. Kd4 Bd5
34. f4 Bxe4 35. Bxe4 Nb5+ 36. Kd3 Kd6 37. a4 Nc7 38. Kc4 a5 39. bxa5 bxa5 40.
Kd4 Na8 41. Bc2 Nb6 42. Bb3 c5+ 43. Kd3 c4+ 44. Bxc4 Nxa4 45. Kd4 Nb6 46. Ba2
Kc6 47. g4 Kb5 48. h4 Kb4 49. g5 a4 50. h5 a3 51. Be6 Na4 52. Ba2 Nc3 53. Be6
Ne2+ 54. Ke3 Nc1 0-1

[Event "SK Herne-Sodingen 1 - SV Würselen 1"]
[Site "NRW-Klasse, Gruppe 2 2013/201"]
[Date "2013.12.08"]
[Round "4.7"]
[White "Blagojevic, Lubo"]
[Black "Becker, Joerg"]
[Result "1/2-1/2"]
[WhiteElo "2033"]
[BlackElo "2149"]
[PlyCount "95"]
[EventDate "2013.??.??"]
[WhiteTeam "SV Würselen 1"]
[BlackTeam "SK Herne-Sodingen 1"]

1. e4 d5 2. exd5 Nf6 3. Nf3 Qxd5 4. Nc3 Qa5 5. Be2 e5 6. d3 c6 7. Bd2 Qc7 8.
O-O Bd6 9. Ne4 Nxe4 10. dxe4 O-O 11. Bc3 Bg4 12. Qd2 Bxf3 13. Bxf3 Na6 14. Rad1
Rad8 15. Qg5 f6 16. Qf5 Bb4 17. Qe6+ Qf7 18. Qxf7+ Kxf7 19. Be2 c5 20. Bc4+ Ke7
21. Bd5 Rd7 22. a3 Bxc3 23. bxc3 Rfd8 24. Rb1 b6 25. c4 Nc7 26. a4 Rd6 27. Rb3
Ne6 28. c3 a5 29. Rfb1 f5 30. f3 Nf4 31. g3 Nxd5 32. exd5 Rb8 33. Rb5 Kf6 34.
Rxa5 e4 35. Ra6 Kg5 36. Kf2 Rf6 37. Ra7 Rg8 38. a5 bxa5 39. Rxa5 f4 40. fxe4
fxg3+ 41. Kxg3 Rgf8 42. Rb2 Kh5 43. h3 Rf3+ 44. Kg2 Kh4 45. Ra1 Rg3+ 46. Kh1
Re3 47. Rg2 g5 48. Rag1 1/2-1/2